000 00281nam a22001217a 4500
008 170829b xxu||||| |||| 00| 0 eng d
041 _aeng
080 _23RD
_a070
100 _a39
101 _aMED
245 _aMASS COMMUNICATION LIVING IN A MEDIA
_cHANSON,R.E
942 _2udc
_cBK
999 _c25323
_d25323